Educación Matemática 3º Educación Básica: Guía Didáctica para el Profesor, incluye Texto para el Estudiante
Bewaard in:
| Hoofdauteurs: | , , , |
|---|---|
| Formaat: | Boek |
| Taal: | Spaans |
| Gepubliceerd in: |
Santiago
Santillana
2009
|
| Onderwerpen: | |
| Tags: |
Voeg label toe
Geen labels, Wees de eerste die dit record labelt!
|
MARC
| LEADER | 00000nam a2200000 a 4500 | ||
|---|---|---|---|
| 001 | UCG0065 | ||
| 003 | CL-VaPUC | ||
| 008 | 100312e20090000CL |||||||||||||||||spa|d | ||
| 020 | |a 9789561514874 | ||
| 082 | 0 | 4 | |a 372.7 |b FER |2 21 |
| 100 | 0 | |a Fernández Vázquez, Paloma |e author |9 547396 | |
| 700 | 0 | |a Polloni Erazo, María del Pilar |e author |9 547397 | |
| 700 | 0 | |a Aguirre Domínguez, Carolina |e author |9 547398 | |
| 700 | 0 | |a Quesney Eyzaguirre, Mariana |e author |9 547399 | |
| 245 | 1 | 0 | |a Educación Matemática 3º Educación Básica: Guía Didáctica para el Profesor, incluye Texto para el Estudiante |
| 300 | |a 254 p | ||
| 942 | |c BK | ||
| 945 | |d 20100312 00:00:00 |a rbrito | ||
| 260 | |a Santiago |b Santillana |c 2009 | ||
| 650 | 0 | |a Matemáticas |x Enseñanza |9 875527 | |
| 650 | 0 | |a Educación básica |9 224933 | |
| 650 | 0 | |a Libros de texto |9 270019 | |
| 650 | 0 | |a Métodos de enseñanza |9 270413 | |
| 583 | |a last modification |c 20170816 12:54:21 |k Rodrigo Vera | ||
| 999 | |c 339816 |d 339814 | ||
| 952 | |0 0 |1 0 |4 0 |6 372_700000000000000_FER_2009 |7 0 |8 P |9 433934 |a BIBEDU |b BIBEDU |c BIBEDU_PB |d 2019-11-22 |i 463974K |o 372.7 FER 2009 |p 463974K |r 2024-01-25 |w 2019-11-22 |y BK |k EBA | ||
| 952 | |0 0 |1 0 |4 0 |6 372_700000000000000_FER_2009 |7 0 |8 P |9 433935 |a BIBEDU |b BIBEDU |d 2019-11-22 |i 4639758 |o 372.7 FER 2009 |p 4639758 |r 2019-11-22 |w 2019-11-22 |y BK |k EBA | ||